000 00551nam a2200217 a 4500
999 _c5671
_d5671
001 5671
003 BD-JhCC
005 20171219180150.0
008 171219b xxu||||| |||| 00| 0 eng d
035 _a(BD-JhCC) 5671
040 _aBD-JhCC
_dBD-JhCC
041 _aeng
082 _a537
_bMIL1976
100 _aMILEAF, HARRY
245 _aelectronics volume-seven /
_c HARRY MILEAF
260 _aINDIA :
_bD.B.TARAPOREVALA SONS &CO .PVT.LTD ,
_c1976
300 _a131 p .:
_c22 cm .
650 _aElectronics
942 _2ddc
_cBK